Guida d'Italia del Toringo Club Italiano (Record no. 32566)

MARC details
000 -LEADER
campo de control de longitud fija 00573nam a2200181 i 4500
001 - NÚMERO DE CONTROL
campo de control 32566
003 - IDENTIFICADOR DE NÚMERO DE CONTROL
campo de control ES-MaACL
005 - FECHA Y HORA DE LA ÚLTIMA TRANSACCIÓN
campo de control 20230906154609.0
007 - CAMPO FIJO DE DESCRIPCIÓN FÍSICA--INFORMACIÓN GENERAL
campo de control de longitud fija t|
008 - DATOS DE LONGITUD FIJA--INFORMACIÓN GENERAL
campo de control de longitud fija 030131s1919 it ||||1| ita d
100 1# - ENTRADA PRINCIPAL--NOMBRE DE PERSONA
Nombre de persona Bertarelli, Luigi Vittorio.
9 (RLIN) 28420
245 10 - MENCIÓN DEL TÍTULO
Título Guida d'Italia del Toringo Club Italiano
Resto del título : Sicilia /
Mención de responsabilidad, etc. L.B. Bertarelli.
250 ## - MENCION DE EDICION
Mención de edición 1ª ed.
260 ## - PUBLICACIÓN, DISTRIBUCIÓN, ETC.
Lugar de publicación, distribución, etc. Milano :
Nombre del editor, distribuidor, etc. [s.n.,
Fecha de publicación, distribución, etc. 1919] (
Fabricante Capriolo e Massimino di O. Capriolo)
300 ## - DESCRIPCIÓN FÍSICA
Extensión 478 p. :
Otras características físicas 35 map., il. ;
Dimensiones 16 cm.
651 #4 - PUNTO DE ACCESO ADICIONAL DE MATERIA--NOMBRE GEOGRÁFICO
Nombre geográfico Sicilia-
Subdivisión de forma Guías turísticas.
9 (RLIN) 9399
852 ## - LOCALIZACIÓN
Ubicación ES-MaACL
Número de control de estantería C-286
Holdings
Estatus retirado Estado de pérdida Estado de daño No para préstamo Biblioteca de origen Biblioteca actual Ubicación en estantería Fecha de adquisición Fuente de adquisición Total de préstamos Signatura topográfica completa Código de barras Visto por última vez Precio de reemplazo Tipo de ítem Koha
        Biblioteca del Ateneo de Madrid Biblioteca del Ateneo de Madrid Sala Palomar 17/01/2008     C-286 1033756 23/02/2023 23/02/2023 Libro impreso